MARC details
| 000 -LEADER |
| fixed length control field |
01120cam a2200289 a 4500 |
| 001 - CONTROL NUMBER |
| control field |
14615025 |
| 003 - CONTROL NUMBER IDENTIFIER |
| control field |
OSt |
| 005 - DATE AND TIME OF LATEST TRANSACTION |
| control field |
20250320110837.0 |
| 008 - FIXED-LENGTH DATA ELEMENTS--GENERAL INFORMATION |
| fixed length control field |
061030s2007 nyuab b 001 0 eng |
| 010 ## - LIBRARY OF CONGRESS CONTROL NUMBER |
| LC control number |
2006052250 |
| 020 ## - INTERNATIONAL STANDARD BOOK NUMBER |
| International Standard Book Number |
9780061137921 |
| 040 ## - CATALOGING SOURCE |
| Original cataloging agency |
DLC |
| Transcribing agency |
DLC |
| Modifying agency |
DLC |
| 050 00 - LIBRARY OF CONGRESS CALL NUMBER |
| Classification number |
QE721.2.E97 |
| Item number |
W384 2007 |
| 082 00 - DEWEY DECIMAL CLASSIFICATION NUMBER |
| Classification number |
577.276 |
| Edition information |
22 |
| 100 1# - MAIN ENTRY--PERSONAL NAME |
| Personal name |
Ward, Peter D. |
| Fuller form of name |
(Peter Douglas), |
| Dates associated with a name |
1949- |
| 9 (RLIN) |
114 |
| 245 10 - TITLE STATEMENT |
| Title |
Under a green sky : |
| Remainder of title |
global warming, the mass extinctions of the past, and what they can tell us about our future / |
| Statement of responsibility, etc. |
Peter D. Ward. |
| 250 ## - EDITION STATEMENT |
| Edition statement |
1st Smithsonian Books ed. |
| 260 ## - PUBLICATION, DISTRIBUTION, ETC. |
| Place of publication, distribution, etc. |
New York, NY : |
| Name of publisher, distributor, etc. |
Smithsonian Books/Collins, |
| Date of publication, distribution, etc. |
c2007. |
| 300 ## - PHYSICAL DESCRIPTION |
| Extent |
xiv, 242 p. : |
| Other physical details |
ill., maps ; |
| Dimensions |
24 cm. |
| 504 ## - BIBLIOGRAPHY, ETC. NOTE |
| Bibliography, etc. note |
Includes bibliographical references and index. |
| 650 #0 - SUBJECT ADDED ENTRY--TOPICAL TERM |
| Topical term or geographic name entry element |
Extinction (Biology) |
| 9 (RLIN) |
115 |
| 650 #0 - SUBJECT ADDED ENTRY--TOPICAL TERM |
| Topical term or geographic name entry element |
Paleoclimatology. |
| 9 (RLIN) |
116 |
| 650 #0 - SUBJECT ADDED ENTRY--TOPICAL TERM |
| Topical term or geographic name entry element |
Global warming. |
| 9 (RLIN) |
117 |
| 856 42 - ELECTRONIC LOCATION AND ACCESS |
| Materials specified |
Contributor biographical information |
| Uniform Resource Identifier |
<a href="http://www.loc.gov/catdir/enhancements/fy0911/2006052250-b.html">http://www.loc.gov/catdir/enhancements/fy0911/2006052250-b.html</a> |
| 856 42 - ELECTRONIC LOCATION AND ACCESS |
| Materials specified |
Publisher description |
| Uniform Resource Identifier |
<a href="http://www.loc.gov/catdir/enhancements/fy0911/2006052250-d.html">http://www.loc.gov/catdir/enhancements/fy0911/2006052250-d.html</a> |
| 942 ## - ADDED ENTRY ELEMENTS (KOHA) |
| Source of classification or shelving scheme |
Dewey Decimal Classification |
| Koha item type |
Book |